Economics (Record no. 353)
[ view plain ]
| 005 - DATE AND TIME OF LATEST TRANSACTION | |
|---|---|
| control field | 20250311110707.0 |
| 020 ## - INTERNATIONAL STANDARD BOOK NUMBER | |
| International Standard Book Number | 0-673-38194-3 |
| 082 ## - DEWEY DECIMAL CLASSIFICATION NUMBER | |
| Classification number | 330 BYR |
| 100 ## - MAIN ENTRY--PERSONAL NAME | |
| Author name | BYRNS,R.T. |
| 245 ## - TITLE STATEMENT | |
| Title | Economics |
| 250 ## - EDITION STATEMENT | |
| Edition statement | 4thEd |
| 260 ## - PUBLICATION, DISTRIBUTION, ETC. | |
| Place of publication, distribution, etc. | London, |
| Name of publisher, distributor, etc. | Scott,Foresman and Company |
| Date of publication, distribution, etc. | 1989. |
| 300 ## - PHYSICAL DESCRIPTION | |
| Extent | 846p.: Ill.;figures & table. |
| Other physical details | Index. |
| Dimensions | 26cm. |
| 700 ## - ADDED ENTRY--PERSONAL NAME | |
| Other authors/Editors | GERALD,W. STONE. |
| 942 ## - ADDED ENTRY ELEMENTS (KOHA) | |
| Source of classification or shelving scheme | Dewey Decimal Classification |
| Koha item type | Books |
| Date last seen | Total checkouts | Full call number | Barcode | Cost, replacement price | Price effective from | Koha item type | Lost status | Source of classification or shelving scheme | Damaged status | Not for loan | Withdrawn status | Home library | Current library | Shelving location | Date acquired | Cost, normal purchase price |
|---|---|---|---|---|---|---|---|---|---|---|---|---|---|---|---|---|
| 06/28/2025 | 330BLO | DOM0002665 | 999999.99 | 06/28/2025 | Books | Dewey Decimal Classification | CBE Dodoma | CBE Dodoma | General Collection | 06/28/2009 | 55000.00 | |||||
| 03/11/2025 | 330 BYR | 0000001197 | 30000.00 | 03/11/2025 | Books | Dewey Decimal Classification | College of Business Education Main Library | College of Business Education Main Library | General Collection | 03/11/2025 | 10000.00 | |||||
| 03/11/2025 | 330 BYR | 0000001198 | 30000.00 | 03/11/2025 | Books | Dewey Decimal Classification | College of Business Education Main Library | College of Business Education Main Library | General Collection | 03/11/2025 | 10000.00 | |||||
| 03/11/2025 | 330 BYR | 0000001199 | 30000.00 | 03/11/2025 | Books | Dewey Decimal Classification | College of Business Education Main Library | College of Business Education Main Library | General Collection | 03/11/2025 | 10000.00 | |||||
| 03/11/2025 | 330 BYR | 0000001200 | 30000.00 | 03/11/2025 | Books | Dewey Decimal Classification | College of Business Education Main Library | College of Business Education Main Library | General Collection | 03/11/2025 | 10000.00 |
